[Event "V Memorial Roberto Magari A"]
[Site "Siena ITA"]
[Date "2000.12.??"]
[Round "?"]
[White "Alfieri, Paolo"]
[Black "Masullo, Andrea"]
[Result "1-0"]
[WhiteElo "1816"]
[BlackElo "1837"]
[PlyCount "49"]
[EventDate "2000.12.07"]

1. c4 Nf6 2. Nc3 g6 3. g3 Bg7 4. Bg2 e5 5. d3 d6 6. a3 O-O 7. Nf3 c6 8. O-O Nh5
9. d4 f5 10. dxe5 dxe5 11. Qxd8 Rxd8 12. e4 Na6 13. Re1 Re8 14. b4 Be6 15. Bf1
h6 16. Bb2 f4 17. Rad1 Bg4 18. Bg2 fxg3 19. hxg3 Rad8 20. Ne2 Rxd1 21. Rxd1 Re7
22. Nc1 Rf7 23. Rd8+ Rf8 24. Rxf8+ Bxf8 25. Bxe5 1-0

[Event "V Memorial Roberto Magari A"]
[Site "Siena ITA"]
[Date "2000.12.??"]
[Round "?"]
[White "Ambrosanio, Raffaele"]
[Black "Calugi, Francesco"]
[Result "1-0"]
[WhiteElo "1759"]
[BlackElo "1804"]
[PlyCount "57"]
[EventDate "2000.12.07"]

1. c4 e5 2. g3 g6 3. Bg2 Bg7 4. Nc3 Nc6 5. Nf3 d6 6. O-O f5 7. e3 Nf6 8. d4 e4
9. Nd2 O-O 10. f3 exf3 11. Nxf3 Re8 12. Qb3 Kh8 13. Ng5 Qe7 14. c5 Rf8 15. cxd6
cxd6 16. Nb5 h6 17. Nh3 g5 18. Qa3 Rd8 19. Nf2 a6 20. Bd2 Rb8 21. Nc3 Bd7 22.
Rac1 Na7 23. d5 Nb5 24. Nxb5 Bxb5 25. Rfe1 Qf7 26. Qb3 Rbc8 27. a4 Rxc1 28.
Rxc1 Bc6 29. Qb6 1-0

[Event "V Memorial Roberto Magari A"]
[Site "Siena ITA"]
[Date "2000.12.??"]
[Round "?"]
[White "Ambrosanio, Raffaele"]
[Black "Foschi, Alessandro"]
[Result "0-1"]
[WhiteElo "1759"]
[BlackElo "1710"]
[PlyCount "108"]
[EventDate "2000.12.07"]

1. c4 g6 2. Nf3 Bg7 3. Nc3 Nf6 4. g3 d6 5. Bg2 O-O 6. O-O e5 7. d3 Nc6 8. Rb1
Re8 9. b4 Rb8 10. Bg5 h6 11. Bd2 Kh7 12. Qa4 Bg4 13. e3 Bd7 14. b5 Ne7 15. Qc2
Qc8 16. d4 exd4 17. Nxd4 Bh3 18. Nce2 Bxg2 19. Kxg2 Nd7 20. h4 h5 21. Nf4 Nf6
22. Bc3 Kg8 23. Nf3 Ng4 24. Bxg7 Kxg7 25. Qc3+ Kg8 26. Rb3 Nf5 27. Re1 Qd8 28.
e4 Ng7 29. Nd5 Ne6 30. Rb2 Nc5 31. Rbe2 c6 32. bxc6 bxc6 33. Nb4 Qb6 34. Nd3
Nxd3 35. Qxd3 Qc5 36. Qd4 Qxd4 37. Nxd4 Rb6 38. Nb3 c5 39. f4 f6 40. Rd1 Rb4
41. Rxd6 Rxc4 42. e5 Rc3 43. Rc6 Ne3+ 44. Kf2 Ng4+ 45. Kg2 Ne3+ 46. Kh3 Nf5 47.
Rg2 c4 48. Nd2 Rd8 49. Ne4 Re3 50. Rxc4 fxe5 51. fxe5 Rdd3 52. Kh2 Kf7 53. e6+
Kxe6 54. Nc5+ Kd5 0-1

[Event "V Memorial Roberto Magari A"]
[Site "Siena ITA"]
[Date "2000.12.??"]
[Round "?"]
[White "Bini, Lorenzo"]
[Black "Ambrosanio, Raffaele"]
[Result "1-0"]
[WhiteElo "2065"]
[BlackElo "1759"]
[PlyCount "57"]
[EventDate "2000.12.07"]

1. d3 d5 2. f4 Nf6 3. Nf3 c5 4. c3 Nc6 5. Qc2 Bf5 6. Nbd2 Ng4 7. Nb3 e5 8. h3
Nf6 9. fxe5 Nd7 10. Bf4 Qc7 11. Qd2 Be6 12. d4 cxd4 13. Nbxd4 Ncxe5 14. Nxe5
Nxe5 15. Qe3 Nc4 16. Qxe6+ fxe6 17. Bxc7 Kd7 18. Bg3 Bc5 19. O-O-O Rac8 20. Kb1
Rhf8 21. e4 Ne3 22. Bb5+ Ke7 23. Rd3 Nxg2 24. exd5 Bxd4 25. d6+ Kd8 26. Rxd4 h6
27. d7 Rc5 28. Bd6 Rff5 29. Be7+ 1-0

[Event "V Memorial Roberto Magari A"]
[Site "Siena ITA"]
[Date "2000.12.??"]
[Round "?"]
[White "Bini, Lorenzo"]
[Black "Caponi, Saverio"]
[Result "1/2-1/2"]
[WhiteElo "2065"]
[BlackElo "1776"]
[PlyCount "70"]
[EventDate "2000.12.07"]

1. d3 Nf6 2. f4 d6 3. Nf3 Nbd7 4. g3 e5 5. Nc3 c6 6. Be3 Ng4 7. Bg1 exf4 8.
gxf4 Be7 9. h4 Ndf6 10. e4 Nh5 11. Ne2 g6 12. Qd2 Bf6 13. O-O-O Bg7 14. Kb1 O-O
15. Bh3 Bh6 16. Rf1 Qe7 17. Bxg4 Bxg4 18. Be3 Rfe8 19. f5 Bxe3 20. Qxe3 Bxf5
21. Qh6 Qf8 22. Qxf8+ Kxf8 23. Ned4 Bd7 24. Ng5 f6 25. Rhg1 Kg7 26. Ngf3 c5 27.
Ne2 d5 28. Nc3 dxe4 29. Nxe4 b6 30. Nfd2 Re6 31. b3 Rae8 32. Nc4 R8e7 33. Ne3
Re5 34. Nc4 R5e6 35. Ne3 Re5 1/2-1/2

[Event "V Memorial Roberto Magari A"]
[Site "Siena ITA"]
[Date "2000.12.??"]
[Round "?"]
[White "Bonghi, Alessandro"]
[Black "Foschi, Alessandro"]
[Result "1/2-1/2"]
[WhiteElo "1797"]
[BlackElo "1710"]
[PlyCount "38"]
[EventDate "2000.12.07"]

1. e4 e5 2. Nf3 Nf6 3. d4 Nxe4 4. Bd3 Nc6 5. O-O d5 6. dxe5 Bg4 7. Bf4 Be7 8.
h3 Bh5 9. Be2 Qd7 10. c3 O-O 11. Nbd2 Nc5 12. Bh2 Rad8 13. Re1 Rfe8 14. Nb3
Nxb3 15. Qxb3 Bc5 16. Rad1 Bb6 17. Qc2 Bg6 18. Bd3 Ne7 19. Bf4 Bxd3 1/2-1/2

[Event "V Memorial Roberto Magari A"]
[Site "Siena ITA"]
[Date "2000.12.??"]
[Round "?"]
[White "Bonghi, Alessandro"]
[Black "Pelagatti, Alessandro"]
[Result "0-1"]
[WhiteElo "1797"]
[BlackElo "1855"]
[PlyCount "44"]
[EventDate "2000.12.07"]

1. e4 c5 2. Nf3 d6 3. d4 cxd4 4. Nxd4 Nf6 5. Nc3 a6 6. Be2 e5 7. Nb3 Be7 8. O-O
O-O 9. a4 Be6 10. Be3 Nbd7 11. Qd2 Nc5 12. Nxc5 dxc5 13. Rfd1 Qc7 14. Nd5 Bxd5
15. exd5 Bd6 16. c4 e4 17. g3 a5 18. Qc2 Rae8 19. Re1 Nd7 20. f3 Bxg3 21. hxg3
Qxg3+ 22. Kh1 Re5 0-1

[Event "V Memorial Roberto Magari A"]
[Site "Siena ITA"]
[Date "2000.12.??"]
[Round "?"]
[White "Calugi, Francesco"]
[Black "Bonghi, Alessandro"]
[Result "1-0"]
[WhiteElo "1804"]
[BlackElo "1797"]
[PlyCount "51"]
[EventDate "2000.12.07"]

1. e4 Nf6 2. e5 Nd5 3. d4 d6 4. Nf3 Bg4 5. Be2 e6 6. h3 Bh5 7. c4 Nb6 8. O-O
dxe5 9. dxe5 Nc6 10. Qb3 Nxe5 11. Qb5+ Nbd7 12. g4 c6 13. Qxb7 Nc5 14. Qb4 Ned3
15. Qc3 Nxc1 16. Rxc1 Bg6 17. Nbd2 Be7 18. Ne5 Bf6 19. Ndf3 O-O 20. Re1 Qb6 21.
b3 Rfd8 22. Rad1 Be4 23. Qe3 Bc2 24. Rc1 Bd3 25. Nxd3 Nxd3 26. Bxd3 1-0

[Event "V Memorial Roberto Magari A"]
[Site "Siena ITA"]
[Date "2000.12.??"]
[Round "?"]
[White "Calugi, Francesco"]
[Black "Gorelli Fagiolini, Marco"]
[Result "0-1"]
[WhiteElo "1804"]
[BlackElo "2203"]
[PlyCount "60"]
[EventDate "2000.12.07"]

1. e4 e6 2. d4 d5 3. e5 c5 4. c3 Nc6 5. Nf3 Nge7 6. Na3 cxd4 7. cxd4 Nf5 8. Nc2
Be7 9. Bd3 Bd7 10. O-O Qb6 11. Bxf5 exf5 12. Rb1 h6 13. Bd2 O-O 14. a3 Be6 15.
b4 Rfc8 16. a4 Qd8 17. Rb2 Nb8 18. Qb1 Nc6 19. Rc1 Bf8 20. Rb3 Ne7 21. Nfe1 Rc4
22. Nd3 Rac8 23. Nb2 R4c7 24. b5 Ng6 25. Nd3 Qh4 26. f4 Rc4 27. Nb2 R4c7 28.
Nd3 Qg4 29. b6 axb6 30. Rxb6 Qe2 0-1

[Event "V Memorial Roberto Magari A"]
[Site "Siena ITA"]
[Date "2000.12.??"]
[Round "?"]
[White "Caponi, Saverio"]
[Black "Lotti, Fabio"]
[Result "0-1"]
[WhiteElo "1776"]
[BlackElo "2072"]
[PlyCount "82"]
[EventDate "2000.12.07"]

1. Nf3 Nf6 2. g3 g6 3. Bg2 Bg7 4. O-O O-O 5. d3 d6 6. Nbd2 Nbd7 7. c3 c6 8. e4
e5 9. a4 Qc7 10. Nc4 Nc5 11. b4 Ne6 12. Qb3 b6 13. Ba3 Bb7 14. b5 c5 15. Ne3
Rfd8 16. Nd2 h5 17. f4 Bh6 18. Nd5 Nxd5 19. exd5 Ng7 20. Ne4 Nf5 21. fxe5 dxe5
22. Nf6+ Kh8 23. Nxh5 Qd6 24. g4 gxh5 25. Rxf5 Be3+ 26. Kh1 hxg4 27. Rxf7 Bxd5
28. Bxd5 Qxd5+ 29. Qxd5 Rxd5 30. Bb2 Rxd3 31. c4 Bd4 32. Bxd4 exd4 33. a5 bxa5
34. Rxa5 Rb3 35. b6 Rxb6 36. Rxc5 a5 37. Rcc7 Rg6 38. Rfd7 a4 39. Rxd4 a3 40.
Rd1 a2 41. Ra1 Rb6 0-1

[Event "V Memorial Roberto Magari A"]
[Site "Siena ITA"]
[Date "2000.12.??"]
[Round "?"]
[White "Caponi, Saverio"]
[Black "Patelli, Alessandro"]
[Result "0-1"]
[WhiteElo "1776"]
[BlackElo "2244"]
[PlyCount "46"]
[EventDate "2000.12.07"]

1. e4 c5 2. Nf3 d6 3. d4 cxd4 4. Nxd4 Nf6 5. Nc3 Nc6 6. Bc4 e6 7. Bb3 Be7 8. f4
a6 9. Be3 O-O 10. O-O Nxd4 11. Bxd4 b5 12. a3 Bb7 13. Qd3 g6 14. f5 gxf5 15.
exf5 e5 16. Be3 d5 17. Bh6 Kh8 18. Bxf8 Bxf8 19. Rfe1 Bc5+ 20. Kf1 e4 21. Qd2
d4 22. Rad1 Qd6 23. g3 e3 0-1

[Event "V Memorial Roberto Magari A"]
[Site "Siena ITA"]
[Date "2000.12.??"]
[Round "?"]
[White "Corso, Roberto"]
[Black "Alfieri, Paolo"]
[Result "1-0"]
[WhiteElo "1705"]
[BlackElo "1816"]
[PlyCount "69"]
[EventDate "2000.12.07"]

1. e4 c5 2. Nf3 Nc6 3. Nc3 d6 4. g3 g6 5. Bg2 Bg7 6. d3 Nf6 7. O-O Bd7 8. h3
Qc8 9. Kh2 h5 10. Nh4 Nh7 11. f4 Nd4 12. Be3 e6 13. Qd2 Qc7 14. f5 gxf5 15.
exf5 O-O-O 16. fxe6 Bxe6 17. Ne4 Be5 18. c3 Nc6 19. d4 cxd4 20. cxd4 d5 21.
dxe5 dxe4 22. Qf2 Qxe5 23. Rac1 a6 24. Rc5 Rd5 25. Rfc1 Nf6 26. Bf4 e3 27. Bxe5
exf2 28. Bxd5 Bxd5 29. Bxf6 Re8 30. Rf1 Re1 31. Rc1 Rxc1 32. Rxc1 Bc4 33. Kg2
f1=Q+ 34. Rxf1 Bxf1+ 35. Kxf1 1-0

[Event "V Memorial Roberto Magari A"]
[Site "Siena ITA"]
[Date "2000.12.??"]
[Round "?"]
[White "Corso, Roberto"]
[Black "Guerrini, Donato"]
[Result "1/2-1/2"]
[WhiteElo "1705"]
[BlackElo "1891"]
[PlyCount "79"]
[EventDate "2000.12.07"]

1. e4 e6 2. d3 d5 3. Nd2 Nf6 4. Ngf3 c5 5. g3 Nc6 6. Bg2 b5 7. O-O Bb7 8. Re1
Be7 9. h4 a5 10. Qe2 Nb4 11. e5 Nxc2 12. exf6 Bxf6 13. Rb1 Nxe1 14. Qxe1 a4 15.
Nf1 Qb6 16. N1h2 b4 17. Ng4 Be7 18. Qe2 Ba6 19. b3 axb3 20. axb3 Bb5 21. h5 f6
22. Nh4 Ra5 23. Bh6 gxh6 24. Bxd5 f5 25. Nxh6 Bxh4 26. Bxe6 Be7 27. Nxf5 Ra7
28. Re1 Kd8 29. Qe5 Re8 30. d4 Bd7 31. d5 Bxe6 32. dxe6 Qc7 33. Qd5+ Kc8 34.
Ng7 Rd8 35. Qf5 Rf8 36. Qxh7 Ra2 37. Nf5 Re8 38. Rd1 Qb7 39. Qf7 Kb8 40. Qxe8+
1/2-1/2

[Event "V Memorial Roberto Magari A"]
[Site "Siena ITA"]
[Date "2000.12.??"]
[Round "?"]
[White "Corso, Roberto"]
[Black "Mogranzini, Roberto"]
[Result "0-1"]
[WhiteElo "1705"]
[BlackElo "1969"]
[PlyCount "60"]
[EventDate "2000.12.07"]

1. e4 c5 2. Nc3 Nc6 3. g3 d6 4. Bg2 g6 5. d3 Bg7 6. Be3 Nf6 7. h3 Rb8 8. f4 Qb6
9. Rb1 Nd4 10. Nf3 Nxf3+ 11. Qxf3 Qa5 12. O-O b5 13. g4 b4 14. Nd5 Nxd5 15.
exd5 Qa4 16. Qe2 O-O 17. f5 Qxa2 18. b3 Qa5 19. Be4 Qd8 20. g5 gxf5 21. Rxf5
Bxf5 22. Bxf5 e6 23. dxe6 fxe6 24. Bxh7+ Kxh7 25. Qh5+ Kg8 26. g6 Rf5 27. Qh7+
Kf8 28. Bh6 Qf6 29. Qh8+ Ke7 30. Qxb8 Qd4+ 0-1

[Event "V Memorial Roberto Magari A"]
[Site "Siena ITA"]
[Date "2000.12.??"]
[Round "?"]
[White "Foschi, Alessandro"]
[Black "Calugi, Francesco"]
[Result "0-1"]
[WhiteElo "1710"]
[BlackElo "1804"]
[PlyCount "82"]
[EventDate "2000.12.07"]

1. e4 c5 2. c3 Nf6 3. e5 Nd5 4. d4 cxd4 5. Nf3 Nc6 6. Bc4 Nb6 7. Bb3 d5 8. cxd4
Bg4 9. O-O Bxf3 10. gxf3 e6 11. Bf4 Qh4 12. Bg3 Qxd4 13. Nc3 Qxd1 14. Rfxd1 a6
15. a3 Be7 16. f4 O-O 17. Rac1 Rac8 18. Kf1 h5 19. f3 Na5 20. Ba2 Nac4 21. Bf2
Nxb2 22. Rd2 N2c4 23. Bxc4 Nxc4 24. Ra2 Rc7 25. Ne2 Rfc8 26. Rb1 Nxa3 27. Rb3
Nb5 28. Nd4 Nxd4 29. Bxd4 Kf8 30. Be3 Ke8 31. h3 Rc3 32. Rxb7 Rxe3 33. Rxa6 Bc5
34. Kg2 Rc3 35. f5 exf5 36. e6 fxe6 37. Rxe6+ Kf8 38. Re5 Rc2+ 39. Kh1 Ra8 40.
Rxf5+ Kg8 41. Rb1 Raa2 0-1

[Event "V Memorial Roberto Magari A"]
[Site "Siena ITA"]
[Date "2000.12.??"]
[Round "?"]
[White "Franceschi, Riccardo"]
[Black "Bini, Lorenzo"]
[Result "0-1"]
[WhiteElo "1785"]
[BlackElo "2065"]
[PlyCount "106"]
[EventDate "2000.12.07"]

1. e4 d6 2. Nf3 g6 3. Bc4 Bg7 4. O-O h6 5. h3 e6 6. Nc3 a6 7. a4 b6 8. d3 Ne7
9. Bf4 O-O 10. Qd2 Kh7 11. Rfe1 e5 12. Bh2 c5 13. Nd5 Ra7 14. b4 f5 15. bxc5
bxc5 16. Rab1 fxe4 17. Rxb8 exf3 18. g4 Nc6 19. Rbb1 Qh4 20. Kh1 Nd4 21. Ne3
Bf6 22. c3 Qxh3 23. cxd4 exd4 24. Rg1 dxe3 25. fxe3 Be5 26. d4 cxd4 27. exd4
Qxh2+ 28. Qxh2 Bxh2 29. Kxh2 Rc7 30. Bd5 f2 31. Rgf1 Bxg4 32. Rb2 Re7 33. Kg3
h5 34. Rbxf2 Re3+ 35. Kg2 Rxf2+ 36. Kxf2 Rd3 37. Ra1 Rxd4 38. Bc6 Rc4 39. Bb7
Bd7 40. a5 Bb5 41. Ke3 Rc7 42. Bd5 Bc6 43. Rc1 Re7+ 44. Kd4 Bxd5 45. Kxd5 Re5+
46. Kxd6 Rxa5 47. Ke6 Rf5 48. Rh1 Kh6 49. Rh2 a5 50. Rh1 a4 51. Ra1 Rf4 52. Ke5
g5 53. Rb1 h4 0-1

[Event "V Memorial Roberto Magari A"]
[Site "Siena ITA"]
[Date "2000.12.??"]
[Round "?"]
[White "Franceschi, Riccardo"]
[Black "Lotti, Fabio"]
[Result "1-0"]
[WhiteElo "1785"]
[BlackElo "2072"]
[PlyCount "73"]
[EventDate "2000.12.07"]

1. e4 d5 2. exd5 Qxd5 3. Nc3 Qa5 4. d4 c6 5. Bc4 Bf5 6. Nge2 e6 7. Bd2 Nf6 8.
O-O Qc7 9. Ng3 Bg6 10. Re1 Bd6 11. Bg5 Nbd7 12. Bd3 O-O-O 13. Nce4 Bf4 14. Bxf4
Qxf4 15. Qe2 Rhe8 16. b4 Nxe4 17. Nxe4 Nf6 18. g3 Qc7 19. c3 Nd5 20. Rac1 Kb8
21. Nc5 Bxd3 22. Qxd3 h5 23. b5 h4 24. Rb1 hxg3 25. hxg3 Nb6 26. a4 cxb5 27.
Qxb5 Ka8 28. a5 Nd5 29. Rb3 Re7 30. Reb1 e5 31. c4 Nf6 32. d5 Qc8 33. Nxb7 Rh8
34. Nd6 Qc7 35. Qa6 Rd8 36. Rb7 Rxd6 37. Qxa7# 1-0

[Event "V Memorial Roberto Magari A"]
[Site "Siena ITA"]
[Date "2000.12.??"]
[Round "?"]
[White "Franceschi, Riccardo"]
[Black "Moncher, Stefano"]
[Result "1/2-1/2"]
[WhiteElo "1785"]
[BlackElo "2147"]
[PlyCount "51"]
[EventDate "2000.12.07"]

1. e4 e6 2. c4 d5 3. exd5 exd5 4. cxd5 Nf6 5. Nc3 Nxd5 6. Nf3 Be7 7. Bc4 c6 8.
Qb3 O-O 9. O-O Nb6 10. Be2 Be6 11. Qc2 c5 12. d3 Nc6 13. Be3 Rc8 14. Rfd1 Nd4
15. Qd2 Nxe2+ 16. Qxe2 Bg4 17. d4 c4 18. h3 Bh5 19. g4 Bg6 20. Ne5 Bd6 21. Bf4
a6 22. Rac1 Re8 23. Qf3 Re7 24. Qg3 Bxe5 25. dxe5 Rd7 26. Rd6 1/2-1/2

[Event "V Memorial Roberto Magari A"]
[Site "Siena ITA"]
[Date "2000.12.??"]
[Round "?"]
[White "Gorelli Fagiolini, Marco"]
[Black "Corso, Roberto"]
[Result "1/2-1/2"]
[WhiteElo "2203"]
[BlackElo "1705"]
[PlyCount "44"]
[EventDate "2000.12.07"]

1. e4 c5 2. Nf3 e6 3. d4 cxd4 4. Nxd4 a6 5. Bd3 Qc7 6. O-O b5 7. a4 b4 8. c3
bxc3 9. Nxc3 Nf6 10. Be3 Bb7 11. Rc1 Nc6 12. Qe2 Qa5 13. Nxc6 Bxc6 14. Bd2 Bb4
15. Rfe1 O-O 16. e5 Nd5 17. Nxd5 Bxd2 18. Ne7+ Kh8 19. Nxc6 dxc6 20. b4 Bxb4
21. Qe4 g6 22. Re2 Qxa4 1/2-1/2

[Event "V Memorial Roberto Magari A"]
[Site "Siena ITA"]
[Date "2000.12.??"]
[Round "?"]
[White "Gorelli Fagiolini, Marco"]
[Black "Franceschi, Riccardo"]
[Result "1-0"]
[WhiteElo "2203"]
[BlackElo "1785"]
[PlyCount "97"]
[EventDate "2000.12.07"]

1. e4 d5 2. exd5 Qxd5 3. Nc3 Qa5 4. d4 c6 5. Nf3 Nf6 6. Bc4 Bf5 7. Bd2 e6 8.
O-O Bb4 9. Qe2 O-O 10. a3 Bxc3 11. Bxc3 Qd8 12. Bb3 Nbd7 13. Rad1 Bg4 14. h3
Bh5 15. g4 Bg6 16. Ne5 Nd5 17. Nxd7 Nxc3 18. bxc3 Qxd7 19. f4 h6 20. Qf3 Qe7
21. Rde1 Qh4 22. Kg2 a5 23. Rf2 a4 24. Bc4 Bxc2 25. Qg3 Qxg3+ 26. Kxg3 Bg6 27.
Re5 b5 28. Ba2 Bd3 29. Rd2 Bh7 30. Rde2 Rab8 31. f5 exf5 32. gxf5 Rb7 33. Kf4
g5+ 34. Kg4 Kg7 35. Rc5 Rb6 36. Ree5 Kf6 37. Bb1 Rh8 38. Kh5 Rd8 39. Be4 Rd6
40. Kxh6 b4 41. axb4 Rb5 42. Kxh7 a3 43. Re8 Rxc5 44. bxc5 Rd7 45. Ra8 Re7 46.
Bxc6 Re3 47. Rxa3 Rxh3+ 48. Kg8 g4 49. Ra7 1-0

[Event "V Memorial Roberto Magari A"]
[Site "Siena ITA"]
[Date "2000.12.??"]
[Round "?"]
[White "Guerrini, Donato"]
[Black "Alfieri, Paolo"]
[Result "1/2-1/2"]
[WhiteElo "1891"]
[BlackElo "1816"]
[PlyCount "40"]
[EventDate "2000.12.07"]

1. e4 c5 2. c3 d5 3. exd5 Qxd5 4. Nf3 Nc6 5. Na3 Bg4 6. Be2 Nf6 7. d4 cxd4 8.
Nb5 Rc8 9. Nbxd4 Nxd4 10. Qxd4 Bxf3 11. Bxf3 Qxd4 12. cxd4 b6 13. Bb7 Rc7 14.
Ba6 e6 15. Bb5+ Nd7 16. O-O Bd6 17. Be3 O-O 18. Rac1 Nf6 19. Rxc7 Bxc7 20. Rc1
Nd5 1/2-1/2

[Event "V Memorial Roberto Magari A"]
[Site "Siena ITA"]
[Date "2000.12.??"]
[Round "?"]
[White "Guerrini, Donato"]
[Black "Tagliagambe, Stefano"]
[Result "1-0"]
[WhiteElo "1891"]
[BlackElo "1774"]
[PlyCount "45"]
[EventDate "2000.12.07"]

1. e4 c5 2. c3 e5 3. Nf3 Nc6 4. d4 cxd4 5. cxd4 exd4 6. Bc4 Bc5 7. Nbd2 Nf6 8.
O-O d6 9. a3 O-O 10. b4 Bb6 11. Bb2 Bg4 12. Be2 Re8 13. Nxd4 Bxd4 14. Bxd4 Bxe2
15. Bxf6 Qxf6 16. Qxe2 d5 17. Qb5 dxe4 18. Qxb7 Rad8 19. Nb3 Ne5 20. Qxe4 Nd3
21. Qf3 Nf4 22. Rfe1 Qxa1 23. Rxa1 1-0

[Event "V Memorial Roberto Magari A"]
[Site "Siena ITA"]
[Date "2000.12.??"]
[Round "?"]
[White "Losi, Renzo"]
[Black "Pelagatti, Alessandro"]
[Result "1/2-1/2"]
[WhiteElo "1771"]
[BlackElo "1855"]
[PlyCount "44"]
[EventDate "2000.12.07"]

1. e4 c5 2. Nf3 d6 3. d4 cxd4 4. Nxd4 Nf6 5. Nc3 a6 6. Bc4 e6 7. Bb3 b5 8. Bg5
h6 9. Bxf6 Qxf6 10. O-O Be7 11. Re1 O-O 12. e5 dxe5 13. Ne4 Qg6 14. Nf3 Rd8 15.
Qe2 Nc6 16. a4 b4 17. a5 Nd4 18. Qe3 Bb7 19. Nxe5 Qxe4 20. Qxe4 Bxe4 21. Rxe4
Nxb3 22. cxb3 Rac8 1/2-1/2

[Event "V Memorial Roberto Magari A"]
[Site "Siena ITA"]
[Date "2000.12.??"]
[Round "?"]
[White "Losi, Renzo"]
[Black "Pieraccini, Riccardo"]
[Result "0-1"]
[WhiteElo "1771"]
[BlackElo "1738"]
[PlyCount "44"]
[EventDate "2000.12.07"]

1. e4 d6 2. d4 Nd7 3. Nf3 b6 4. Bd3 Bb7 5. O-O Ngf6 6. Qe2 e5 7. Rd1 exd4 8.
Nxd4 Be7 9. Bf4 O-O 10. Nc3 Ne5 11. Bxe5 dxe5 12. Nf5 c6 13. Bc4 Qc7 14. Rd3 b5
15. Bb3 b4 16. Rg3 bxc3 17. Rxg7+ Kh8 18. Qf3 Bc8 19. Rxf7 Rxf7 20. Bxf7 cxb2
21. Rd1 Bxf5 22. Qxf5 Rd8 0-1

[Event "V Memorial Roberto Magari A"]
[Site "Siena ITA"]
[Date "2000.12.??"]
[Round "?"]
[White "Lotti, Fabio"]
[Black "Masullo, Andrea"]
[Result "1-0"]
[WhiteElo "2072"]
[BlackElo "1837"]
[PlyCount "43"]
[EventDate "2000.12.07"]

1. d4 Nf6 2. c4 g6 3. Nc3 Bg7 4. e4 d6 5. f4 O-O 6. Nf3 c5 7. d5 e6 8. Be2 exd5
9. cxd5 Re8 10. e5 dxe5 11. fxe5 Ng4 12. Bg5 Qa5 13. O-O Nxe5 14. Nxe5 Bxe5 15.
Bc4 Bf5 16. d6 Qb4 17. Bxf7+ Kxf7 18. Rxf5+ Kg7 19. Bf6+ Bxf6 20. Rxf6 Re1+ 21.
Qxe1 Qd4+ 22. Rf2 1-0

[Event "V Memorial Roberto Magari A"]
[Site "Siena ITA"]
[Date "2000.12.??"]
[Round "?"]
[White "Lotti, Fabio"]
[Black "Patelli, Alessandro"]
[Result "1-0"]
[WhiteElo "2072"]
[BlackElo "2244"]
[PlyCount "111"]
[EventDate "2000.12.07"]

1. e4 c5 2. Nf3 d6 3. d4 cxd4 4. Nxd4 Nf6 5. Nc3 Nc6 6. Bg5 e6 7. Bb5 Bd7 8.
Bxc6 bxc6 9. Qf3 e5 10. Nf5 Bxf5 11. Qxf5 Be7 12. Qf3 Qb6 13. O-O-O Rb8 14. b3
Rd8 15. Rd3 h6 16. Bxf6 Bxf6 17. Rhd1 Qc7 18. Qf5 O-O 19. g4 Qe7 20. Kb1 Rd7
21. Qf3 Re8 22. Qe2 Red8 23. f3 Qe6 24. h3 d5 25. Na4 Qe7 26. Qd2 Bg5 27. Qe2
Qa3 28. Nb2 a5 29. exd5 cxd5 30. Qe1 Bf6 31. Nc4 dxc4 32. Rxd7 Rxd7 33. Rxd7 e4
34. Qc1 Qb4 35. Qd2 c3 36. Qd6 exf3 37. Qxb4 axb4 38. Rd3 f2 39. Rf3 Bd4 40.
Kc1 f6 41. Kd1 Kf7 42. Ke2 Ke6 43. Kd3 Bc5 44. Kc4 Kd6 45. Rf5 Be3 46. Kxb4 g5
47. Kc4 Bf4 48. Rd5+ Ke6 49. Rd1 Bd2 50. Rf1 Be3 51. Kd3 Bc5 52. Ke4 f5+ 53.
gxf5+ Kf6 54. a4 h5 55. b4 Bxb4 56. Rxf2 1-0

[Event "V Memorial Roberto Magari A"]
[Site "Siena ITA"]
[Date "2000.12.??"]
[Round "?"]
[White "Lotti, Fabio"]
[Black "Tagliagambe, Stefano"]
[Result "1/2-1/2"]
[WhiteElo "2072"]
[BlackElo "1774"]
[PlyCount "57"]
[EventDate "2000.12.07"]

1. d4 d6 2. Nf3 Bg4 3. e3 Nf6 4. Be2 e6 5. Nbd2 Be7 6. O-O O-O 7. h3 Bh5 8. c3
Nbd7 9. Re1 c6 10. Qc2 Bg6 11. Bd3 Bxd3 12. Qxd3 Re8 13. e4 e5 14. Nf1 Bf8 15.
Bg5 Qc7 16. Rad1 Rad8 17. Ng3 g6 18. Qd2 Bg7 19. Bh6 Bh8 20. Qg5 Nf8 21. Bxf8
Kxf8 22. dxe5 dxe5 23. Qe3 b6 24. a4 Bg7 25. Qe2 Kg8 26. Qc4 Rd6 27. Qb3 Red8
28. Rxd6 Qxd6 29. Ng5 1/2-1/2

[Event "V Memorial Roberto Magari A"]
[Site "Siena ITA"]
[Date "2000.12.??"]
[Round "?"]
[White "Marcucci, Massimiliano"]
[Black "Franceschi, Riccardo"]
[Result "1/2-1/2"]
[WhiteElo "1806"]
[BlackElo "1785"]
[PlyCount "30"]
[EventDate "2000.12.07"]

1. d4 Nf6 2. Nf3 g6 3. c4 Bg7 4. Nc3 d6 5. e4 O-O 6. Be2 Nbd7 7. O-O b6 8. Qc2
c5 9. d5 Ne5 10. Nxe5 dxe5 11. Bg5 Ne8 12. Rad1 Nd6 13. Kh1 f6 14. Bc1 g5 15.
Be3 Bd7 1/2-1/2

[Event "V Memorial Roberto Magari A"]
[Site "Siena ITA"]
[Date "2000.12.??"]
[Round "?"]
[White "Marcucci, Massimiliano"]
[Black "Lotti, Fabio"]
[Result "1/2-1/2"]
[WhiteElo "1806"]
[BlackElo "2072"]
[PlyCount "94"]
[EventDate "2000.12.07"]

1. d4 Nf6 2. Nf3 g6 3. c4 d6 4. Nc3 Bg7 5. e4 O-O 6. Be2 e5 7. O-O Nc6 8. d5
Ne7 9. b4 Nh5 10. Nd2 Nf4 11. Ba3 f5 12. f3 Nxe2+ 13. Qxe2 Bh6 14. c5 Bxd2 15.
Qxd2 Bd7 16. b5 Nc8 17. Qh6 f4 18. g3 Qf6 19. c6 bxc6 20. bxc6 Be8 21. Nb5 Qe7
22. gxf4 Rxf4 23. Bc1 Rf7 24. Bg5 Qf8 25. Qh3 a6 26. Nc3 h5 27. Rab1 Nb6 28.
Ne2 Nc4 29. Rb4 Nb6 30. Rb3 Nc4 31. Rc3 Nb6 32. f4 Na4 33. Rcf3 Nc5 34. Nc3 Qg7
35. Kh1 exf4 36. Rxf4 Rxf4 37. Rxf4 Qe5 38. Qe3 Bf7 39. Bf6 Qe8 40. Rf2 Nxe4
41. Nxe4 Bxd5 42. Re2 Qxc6 43. Kg1 Bxe4 44. Qxe4 Qxe4 45. Rxe4 Kf7 46. Bh4 Re8
47. Ra4 Ra8 1/2-1/2

[Event "V Memorial Roberto Magari A"]
[Site "Siena ITA"]
[Date "2000.12.??"]
[Round "?"]
[White "Masullo, Andrea"]
[Black "Corso, Roberto"]
[Result "0-1"]
[WhiteElo "1837"]
[BlackElo "1705"]
[PlyCount "98"]
[EventDate "2000.12.07"]

1. e4 c5 2. c3 d5 3. exd5 Qxd5 4. d4 cxd4 5. cxd4 Nc6 6. Nf3 Bg4 7. Be2 e6 8.
Nc3 Bb4 9. O-O Qd8 10. Be3 Nf6 11. a3 Be7 12. Qa4 O-O 13. Rfd1 Nd5 14. Qb5 Qd7
15. Ne4 a6 16. Qa4 Nxe3 17. fxe3 Qd5 18. Nc3 Qh5 19. Ne4 Qh6 20. Qb3 f5 21. Nf2
Bd6 22. h3 Bh5 23. d5 Bxf3 24. Bxf3 Ne5 25. dxe6 Nxf3+ 26. gxf3 Be7 27. Rd7
Rae8 28. Rxb7 Bc5 29. e7+ Rf7 30. Qa4 Rfxe7 31. Rxe7 Qg5+ 32. Kf1 Qxe7 33. Re1
Bxe3 34. Nd1 f4 35. Nxe3 fxe3 36. Re2 Qe6 37. Qg4 Qb3 38. Kg2 Re6 39. Kh2 Qb8+
40. Kh1 Qe5 41. f4 Qe4+ 42. Kh2 h5 43. Qg5 Rg6 44. Qd8+ Kh7 45. Qh4 Qf3 46. Qe1
Qxf4+ 47. Kh1 Rg3 48. Qb1+ g6 49. Qc2 Qf1+ 0-1

[Event "V Memorial Roberto Magari A"]
[Site "Siena ITA"]
[Date "2000.12.??"]
[Round "?"]
[White "Masullo, Andrea"]
[Black "Foschi, Alessandro"]
[Result "1/2-1/2"]
[WhiteElo "1837"]
[BlackElo "1710"]
[PlyCount "76"]
[EventDate "2000.12.07"]

1. e4 e5 2. Nf3 Nf6 3. Nxe5 d6 4. Nf3 Nxe4 5. d4 d5 6. Bd3 Be7 7. O-O Nc6 8. c4
Nb4 9. Be2 Be6 10. Nc3 Nf6 11. Ne5 O-O 12. Be3 dxc4 13. Nxc4 Nfd5 14. a3 Nc6
15. Bd3 Re8 16. Nd2 Nxe3 17. fxe3 Nxd4 18. Be4 Nc6 19. Qe2 a6 20. Rad1 Bd6 21.
Nc4 Bxc4 22. Qxc4 Ne5 23. Qe2 Rb8 24. Rd5 Ng6 25. Rdf5 Rf8 26. Rh5 Qe7 27. Qf3
c6 28. Qh3 h6 29. Bc2 Rbe8 30. Ne4 Be5 31. b4 a5 32. Qg4 Bb2 33. Rxa5 b6 34.
Raf5 Bxa3 35. b5 cxb5 36. Rxb5 Bc5 37. Rb3 Ne5 38. Qf5 Ng6 1/2-1/2